00531 2200193 4500001002100000005001500021035002000036007000300056008004100059020002200100082001000122084001600132100002200148245004100170250001100211260004600222300004600268700002300314INLIS00000000000045520201217084359 a0010-1220000042ta201217 0 ind  a978-602-1580-46-2 a300.3 a300.3 YUS k0 aYustina Eka Janah1 aKamus Sosiologi /cYustina Eka Janah acet. 1 aSurakarta :bAksarra Sinergi Media,c2017 aviii + 403 hal. :bilus. ;c14.8 x 21 cm.0 aAgung Tri Haryanta